MDQL
is popping MORE tags! Check the
thread
!
Quizzes
Events
Quiz Creation
Community
Videos
Private Events
Remove Ads
Sign In
Join for FREE
Feedback
Dark Mode
Quiz Categories
Sports
Geography
Music
Movies
Television
Just For Fun
Miscellaneous
History
Literature
Language
Science
Gaming
Entertainment
Religion
Holiday
For Kids
Quiz Lab
Recent
Popular Today
Quiz Kudos Today
Editor Picks
Curator Picks
Quizzes by...
Day
Popularity
Type
Ratings
Length
Year
Community
Subscriptions
Recent Discussions
Orange Saloon
Badges
Playlists
Quests
Create
Leaderboards
Showdown
Live 5
Trivia Bingo
Activity
Puzzle Library
Sporcle Events
Private Events
Virtual Trivia
Globe League
Become a Host
Pub Owners
SporcleCon
Opinionation
Our Games
Videos
Blog
Mobile Apps
Partnerships
Remove Ads and Go Orange
Feedback
Miscellaneous
Crossword
General Knowledge
Baby Names
Logo
Food
Cars
Numbers
Grab Bag
University
College
Popular
Company
Slogans
Restaurants
Justice
Letter
Miscellaneous
Crossword
General Knowledge
Baby Names
Logo
Food
Cars
Numbers
Grab Bag
University
College
Popular
Company
Slogans
Restaurants
Justice
Letter
Random Quiz
Search Sporcle
×
Quiz Lab
Quiz Lab
Miscellaneous
Pokémon
Type in answers that appear in a list
Type in answers that appear in a list
Classic
Best Score? Go Orange.
Name the two type pokemon in the second gen Stats
Can you name the two-type pokemon?
By
strangeicelolly
8m
46 Questions
56 Plays
56 Plays
56 Plays
Comments
Comments
Give Quiz Kudos
Give Quiz Kudos
-
- Ratings
hide this ad
Replay
Link that replays current quiz
Next Quiz
Link to next quiz in quiz playlist
You Got
0%
They Got
Avg Score
81%
Avg Friend Score
Upgrade to see
Score Distribution
Jump to the score distribution portion of the page
Score
0/46
Timer
08:00
0
Plays Today
types
two-type pokemon
% Correct
normal-
flying type
noctowl
91.1%
bug-
flying type
ledyba
89.3%
bug-
flying type
ledian
89.3%
normal-
flying type
hoothoot
87.5%
bug-
poison type
ariados
87.5%
steel-
ground type
steelix
87.5%
bug-
poison type
spinarak
85.7%
poison-
flying type
crobat
83.9%
water-
electric type
lanturn
83.9%
psychic-
flying type
natu
83.9%
psychic-
flying type
xatu
83.9%
water-
psychic type
slowking
83.9%
bug-
steel type
scizor
83.9%
fire-
flying type
ho-oh
83.9%
water-
electric type
chinchou
82.1%
normal-
flying type
togetic
82.1%
grass-
flying type
hoppip
82.1%
grass-
flying type
skiploom
82.1%
dark-
flying type
murkrow
82.1%
normal-
psychic type
girafarig
82.1%
bug-
fighting type
heracross
82.1%
ice-
ground type
swinub
82.1%
ice-
ground type
piloswine
82.1%
types
two-type pokemon
% Correct
dark-
fire type
houndour
82.1%
dark-
fire type
houndoom
82.1%
psychic-
fling type
lugia
82.1%
grass-
flying type
jumpluff
80.4%
water-
poison type
qwilfish
80.4%
dark-
ice type
sneasel
80.4%
ice-
flying type
delibird
80.4%
rock-
ground type
larvitar
80.4%
rock-
ground type
pupitar
80.4%
rock-
dark type
tyranitar
80.4%
water-
ground type
wooper
78.6%
water-
ground type
quagsire
78.6%
bug-
steel type
forretress
78.6%
bug-
rock type
shuckle
78.6%
fire-
rock type
magcargo
78.6%
water-
flying type
mantine
78.6%
steel-
flying type
skarmory
78.6%
water-
dragon type
kingdra
78.6%
ice-
psychic type
smoochum
78.6%
grass-
psychic type
celebi
78.6%
ground-
flying type
gligar
76.8%
bug-
flying type
yanma
75%
water-
rock type
corsola
75%
Quiz Playlist
Details
Report
Send in Message
Add To Playlist
Classic:
Type in answers that appear in a list
Last Updated: Feb 16, 2017
Quiz Scoreboard
CHALLENGE
Sign Up to Join the Scoreboard
Show All
Scores
Hide
Comments
May contain spoilers
Recently Published
Two Season TV Shows II
by 123Four
Television
10m
Image Sorting: Flags VI
by Barbecue
Geography
2m
Find the 'City' Movie
by crazypaving
Movies
60s
More to Explore
Quiz From the Vault
Featured Blog Post
14 Easter Pick-up Lines to Find Eggs With
hide this ad
You Might Also Like...
Tags
Pokémon Quiz
gen
little
second
Today's Top Quizzes in Miscellaneous
Browse Miscellaneous
hide this ad
Today's Top Quizzes in Pokémon
Browse Pokémon
Top Contributed Quizzes in Miscellaneous
1
The JOE quick-fire general knowledge quiz: Day 174
2
9x9 Crossword: Disney Movie Titles
3
5-to-1: Fast Food
4
The JOE quick-fire general knowledge quiz: Day 173
5
9x9 Crossword: Charlie and the Chocolate Factory
6
9x9 Crossword: The Simpsons
7
9x9 Crossword: Flags
8
9x9 Crossword: Actors
9
9x9 Crossword: 2022 Movies
10
9x9 Crossword: Pixar Movie Titles
Explore More
Trending Topics
Marvel
Disney
Harry Potter
Crossword
Anime
NBA
Kpop
Country
Puzzle
NFL
The Office
WWE
Pokémon
Song
Soccer
hide this ad
More By:
strangeicelolly
Quiz
Plays
Rating
Category
Featured
Created
guess the legendary pokemon (gen1-5)
2,251
3.43
Miscellaneous
Apr 25, 2011
name all the main characters pokemon
338
4.00
Television
Apr 28, 2011
guess the two-type pokemon first gen
156
3.67
Miscellaneous
Apr 26, 2011
name the two type pokemon in the second gen
56
5.00
Miscellaneous
Apr 27, 2011
name every gym leader gen1-5
29
3.50
Miscellaneous
May 2, 2011
Go to Creator's Profile
Score Distribution
Quiz Creator Spotlight
strangeicelolly
Follow
Send a Message
Quizzes Created
-
Created Quiz Play Count
-
More By This Creator
Popular Quizzes Today
1
Find the US States - No Outlines Minefield
2
Colored Red Africa Blitz
3
Find the 'City' Movie
4
5x2 Blitz: Bands
5
The Countries of the World
6
Find the Countries of Europe - No Outlines Minefield
7
Find the US States
8
US States
More Miscellaneous Quizzes
Museum Melee
Published
Trending Quizzes
Colored Red Europe Blitz I
Colored Red Africa Blitz II
Colored Red Europe Blitz II
Even More Two Season TV Shows
Colored Red Africa Blitz III
Recently Updated
March Madness Men's Triple Doubles
pecheneg
How Do You Spell That?
pecheneg
Godzilla Movies
pecheneg
Grab Bag: 4-10 Letters
pecheneg
2024 March Madness Bracket
pecheneg
Famous TV Couples
Peacemaker
Champions League XIs: Real Madrid
pecheneg
Largest US Cities 1790-2010
pecheneg
Rides in Walt Disney World
pecheneg
Most Oscar Losses (Acting)
pecheneg
Trending Topics
Harry Potter
Kpop
Crossword
Disney
NBA
Anime
Marvel
Soccer
The Office
Puzzle
Country
WWE
Pokémon
Song
NFL
Your Account Isn't Verified!
In order to create a playlist on Sporcle, you need to verify the email address you used during registration. Go to your
Sporcle Settings
to finish the process.
Report this User
Report this user for behavior that violates our
Community Guidelines
.
Details:
Send Report
Go to the Sporcle.com Mobile Site →
Comments